| 000 | 01704nam0a2200337 4500 | ||
|---|---|---|---|
| 001 | RU\NLR\BIBL_A\012166349 | ||
| 005 | 20191226163553.0 | ||
| 010 |
_a978-5-93916-799-4 _9300 |
||
| 021 |
_aRU _bКН-П-19-085277 _9КН-П-19-6209 |
||
| 035 | _a(NLR Aleph) 012166349 | ||
| 035 | _a(RuMoRGB)010152650 | ||
| 090 |
_a12217349 _c12217349 |
||
| 100 | _a20191217d2020 k y0rusy50 ca | ||
| 101 | 0 | _arus | |
| 102 | _aRU | ||
| 105 | _aac||z|||010zd | ||
| 200 | 1 |
_aВ шаге от вечности _e[об участниках Великой Отечественной войны] _fС. С. Антюшин _gФедеральное государственное бюджетное образовательное учреждение высшего образования Российский государственный университет правосудия |
|
| 210 |
_aМосква _cРоссийский государственный университет правосудия _d2020 [т.е. 2019] |
||
| 215 |
_a294, [1] с., [2] л. цв. ил. _cил., портр., цв. ил. _d24 |
||
| 225 | 1 | _aPro Memoria | |
| 300 | _aНа обороте тит. л. в аннот. авт.: д.филос.н., проф. С.С. Антюшин | ||
| 300 | _aФактическая дата выхода в свет - 2019 | ||
| 300 | _aНа обл.: 75 лет. За нашу Победу | ||
| 686 | 2 | _aШ6(2=Р)8-440.4 Вел.От.в. | |
| 700 | 1 |
_aАнтюшин _bС. С. _gСергей Сергеевич |
|
| 942 | _cBOOK | ||
| 980 | _aNBR | ||
| 980 | _aNB | ||